000 00392nam a2200157Ia 4500
008 230524s9999 xx 000 0 und d
082 _a650.132
_bDAV
100 _aR.S.Davar
245 0 _aPersonal Management and Industrial Relations
250 _a10TH
260 _aNEW DELHI
_bVikas
_c2000
300 _aXVII;421
500 _aQuantity Number: 15
650 _aManagement
942 _cBK
999 _c19822
_d19822